Mathématiques par lettre - C - Statistiques

Statistiques générales
  • Ce quiz a été pris 470 fois
  • Le résultat moyen est 13 sur 21
Statistiques - réponses
Hint Réponse % Correct
Rectangle dont les quatre cotés sont égaux Carré
97%
Instrument permettant de tracer des cercles Compas
92%
Nombre composé d'une partie réelle et d'une partie imaginaire Complexe
85%
Adjacent/Hypothénuse dans un triangle rectangle Cosinus
85%
Vecteurs ayant la même direction Colinéaires
74%
Toutes les fonctions dérivables le sont Continues
74%
Un seul exemple qui suffit à infirmer une propriété supposée Contre-exemple
74%
Valeur a dans l'équation de la droite y = ax+b Coefficient directeur
71%
Périmètre d'un cercle Circonférence
67%
Se dit d'une suite qui admet une limite à l'infini Convergente
65%
Valeurs lues sur les axes d'un graphique Coordonnées
65%
Nombre d'éléments dans un ensemble Cardinal
63%
Évènement dont la probabilité d'occurrence est égale à 1 Certain
62%
Indique la fin d'une démonstration CQFD
61%
Type de produit permettant de calculer la quatrième proportionnelle connaissant trois autres valeurs Croix
57%
Relation relative à une somme de vecteurs Chasles
48%
Forme particulière d'un polynôme permettant une étude simplifiée de la résolution d'équations Canonique
46%
Équation de droite de la forme ax + by + c = 0 Cartésienne
43%
Performance d'un algorithme Complexité
43%
Inégalité s'appliquant dans un espace vectoriel muni d'un produit scalaire Cauchy-Schwarz
33%
Nombres utilisés en combinatoire Catalans
3%
Aucun quiz correspondant
Distribution des résultats
% des personnes avec chaque résultat
Percentile par nombre de réponses
Votre historique - résultats
Vous n’avez pas pris ce quiz